Handbook of population census methods.

Bibliographic Details
Corporate Author: United Nations. Statistical Office
Format: Book
Language:English
Published: New York, [publisher not identified] ; 1954.
Series:Its Studies in methods, ser. F, no. 5
Subjects:

MARC

Tag First Indicator Second Indicator Subfields
LEADER 00000cam a2200000 i 4500
001 in00000038777
005 20151007081259.0
008 780321s1954 nyu b i00010 eng d
010 |a  54013329  
035 |a (OCoLC)03735665 
035 |9 AAF6146AM 
040 |a YUS  |c YUS  |d TXA  |d UtOrBLW 
049 |a TXAM  |c [226547] 
090 |a JX1977  |b .A2 ST/STAT/ser.F/5 
090 |a HA36  |b .U55 1954 
092 |a 311.2  |b U575h, 1954 
110 2 |a United Nations.  |b Statistical Office. 
245 1 0 |a Handbook of population census methods. 
264 1 |a New York,  |b [publisher not identified] ;  |c 1954. 
300 |a vii, 143 pages ;  |c 28 cm. 
336 |a text  |b txt  |2 rdacontent 
337 |a unmediated  |b n  |2 rdamedia 
338 |a volume  |b nc  |2 rdacarrier 
490 0 |a Its Studies in methods, ser. F, no. 5 
500 |a United Nations. [Document] ST/STAT/ser.F/5. 
500 |a "United Nations publication. Sales number: 1954. XVII.4." 
504 |a Bibliography: pages 136-143. 
650 0 |a Census. 
999 |a MARS 
999 f f |s 58841ff8-4105-3982-bf4f-0979d5e727f6  |i 2cff3824-9ec6-3939-af76-c680c07c6732  |t 0 
952 f f |p ric  |a Texas A&M University  |b Rellis Campus  |c Joint Library Facility  |d Remote Storage  |t 0  |e HA36 .U55 1954  |h Library of Congress classification  |i unmediated -- volume  |m A14800653703 
998 f f |a HA36 .U55 1954  |t 0  |l Remote Storage